000 00331nam a2200133Ia 4500
008 220216s9999 xx 000 0 und d
100 _aWinston J
245 0 _aDevelopment of an outsole compound for outdoor footwear
260 _bRubber India
_c1998
300 _a13-Sep
650 _aFootwear
700 _aAmes K
942 _cJS
999 _c56981
_d56981